Rainbow Six Seige Operators (Part 1) - Statistics

General Stats
  • This quiz has been taken 177 times
  • The average score is 9 of 14
Answer Stats
Hint Answer % Correct
Has a big hammer Sledge
100%
can open very big walls Thermite
92%
uses emps Thatcher
91%
Can track your foot steps Jackal
85%
Shoots bunble bees Grim
82%
You can see him but not on a drone Vigil
81%
Lets out his gas Smoke
77%
Has mats that knock you Frost
70%
Can make yourself turn into a drone(girl one) Iana
53%
Deployable shotgun Buck
47%
You can see her but not on a camera Nook
33%
shawyt callin your phone Dokkabei
24%
The boy version of above Skopos
20%
Can activate a 1v1 Demios
12%
No matching quizzes found
Score Distribution
Percent of People with Each Score
Percentile by Number Answered
Your Score History
You have not taken this quiz